| 000 | 01913nam a2200397 4500 | ||
|---|---|---|---|
| 003 | OSt | ||
| 005 | 20260530115306.0 | ||
| 008 | 260508b2000 MX ||||| |||| 00| 0 eng d | ||
| 040 |
_aICI _bSPA _cICI |
||
| 041 | _aSPA/ENG | ||
| 050 |
_aNA687 _bP33 |
||
| 100 | 1 |
_aFideicomiso Expo Hannover 2000 _932013 |
|
| 245 | 1 | 0 |
_aPabellón de México _bExpo 2000 Hannover / _cFideicomiso Expo Hannover 2000 ; coordinación editorial, María Ángeles González ; producción fotográfica y cuidado de edición, Manolo Tius Caso ; textos, Gabriel Figueroa Flores, Rafael Doniz, José Antonio Mendizábal, Marco Aurelio Torres ; fotografía, Rocío Mireles ; diseño, David Castledine ; English translation, [traductor no identificado]. |
| 264 | 1 |
_aMéxico : _bFideicomiso Expo Hannover 2000, _c2000. |
|
| 300 |
_a50 páginas _bilustraciones a color, fotografías |
||
| 336 |
_atexto _2rdacontent |
||
| 337 |
_asin medio _2rdamedia |
||
| 338 |
_avolumen _2rdacarrier |
||
| 500 | _aCatálogo y memoria documental del Pabellón de México presentado en la Expo 2000 Hannover. | ||
| 611 |
_aExpo Hannover _932014 |
||
| 650 |
_aPabellones de exposiciones _zMéxico. _932015 |
||
| 650 |
_aArquitectura mexicana contemporánea. _932016 |
||
| 650 |
_aExposiciones universales _zAlemania, Hannover. _932017 |
||
| 650 |
_aDiseño arquitectónico _zMéxico. _932018 |
||
| 650 |
_aIdentidad nacional en la arquitectura. _932019 |
||
| 650 | _aArquitectura efímera. | ||
| 700 |
_aGonzález, María Ángeles _ecoordinadora editorial. _932021 |
||
| 700 |
_aTius Caso, Manolo, _eeditor, fotógrafo. _932022 |
||
| 700 |
_aFigueroa Flores, Gabriel _eautor. _95619 |
||
| 700 |
_aDoniz, Rafael, _eautor. _932023 |
||
| 700 |
_aMendizábal, José Antonio, _eautor. _932024 |
||
| 700 |
_aTorres, Marco Aurelio, _eautor. _932025 |
||
| 700 |
_aMireles, Rocío, _efotógrafa. _932026 |
||
| 700 |
_aCastledine, David, _932027 |
||
| 942 |
_2lcc _cBK _n1 |
||
| 999 |
_c13107 _d13107 |
||